000 00700na a2200229 4500
001 19925
003 MIRAKIL
005 20181213155021.0
008 161228b tu 000 0
020 _a9786058449121
040 _aMilas
_btur
_cTR-AnCHP
041 _atur
082 _aCHP 923.2 Arslan, K.
_bA67 2015
090 _aCHP 923.2 Arslan, K. A67 2015
100 _aArslan, Kazım
245 _aSiyasete adanan hayat
_bgörüşler-yorumlar-makaleler
_cKazım Arslan ; editör M. Halil Arık
246 _aGörüşler-yorumlar-makaleler
260 _aDenizli
_bBilal Ofset Basım-Yayın&Matbaacılık
_c2015
300 _a304 s.
_c19 sm.
700 _aArık, M. Halil
942 _2ddc
_cBKS
999 _c4902
_d4902